| 000 | 01416nam0a2200337 i 4500 | ||
|---|---|---|---|
| 001 | RU\NLR\bibl\2072082 | ||
| 005 | 20260405061603.0 | ||
| 010 |
_a9785914700505 _9500 |
||
| 021 |
_aRU _b2013-62946 _94312 |
||
| 035 | _a(nilc)RuMoRGB-006629768 | ||
| 035 | _a(NLR Aleph) 002058306 | ||
| 090 |
_a4674597 _c4674597 |
||
| 100 | _a20130812d2013 u y0rusy50 ca | ||
| 101 | 0 | _arus | |
| 102 | _aRU | ||
| 105 | _ay zzzz||||| | ||
| 200 | 1 |
_aДумский вызов: религиозные свободы и вероисповедные реформы в Российской империи (1900 г. - февраль 1917 г.) _fМ. И. Одинцов |
|
| 210 |
_aСанкт-Петербург _cРоссийское объединение исследователей религии _d2013 |
||
| 215 |
_a180, [3] с. _d20 |
||
| 320 | _aБиблиогр. в конце кн. и в подстроч. примеч. | ||
| 320 | _aуказ. имен: с. 161-167 | ||
| 606 | 1 |
_aСвобода совести _yРоссия _91636046 _3RU\NLR\auth\661021368 |
|
| 686 | _aХ809(2)322 | ||
| 700 | 1 |
_4070 _8rus _7ca _aОдинцов _bМ.И. _f1949 - _gМихаил Иванович _3RU\NLR\auth\7720581 _93649 |
|
| 801 | 0 |
_aRU _bRuMoRKP _c20130812 _gRCR |
|
| 801 | 2 |
_aRU _bРГБ _c20130821 _grcr |
|
| 801 | 1 |
_aRU _bRuMoRKP _c20130812 _2rusmarc |
|
| 801 | 2 |
_aRU _bNLR _c20130913 _grcr |
|
| 942 | _cBOOK | ||
| 980 | _aNBR | ||